[Event "Kimry op 70th"]
[Site "Kimry"]
[Date "2014.08.30"]
[Round "5"]
[White "Protasov, Sergey"]
[Black "Ermakov, Yury"]
[Result "0-1"]
[WhiteElo "1616"]
[BlackElo "2247"]
[PlyCount "68"]
[EventDate "2014.08.28"]
[EventType "swiss"]
[EventRounds "7"]
[EventCountry "RUS"]
[SourceTitle "EXT 2015"]
[Source "ChessBase"]
[SourceDate "2014.11.20"]
[SourceVersion "1"]
[SourceVersionDate "2014.11.20"]
[SourceQuality "1"]

1. e4 c5 2. Nf3 Nc6 3. d4 cxd4 4. Nxd4 Nf6 5. Nc3 d6 6. Be3 g6 7. f3 Bg7 8. g4 0-0 9. Qd2 Bd7 10. 0-0-0 Qa5 11. h4 Nxd4 12. Bxd4 Rfc8 13. h5 Be6 14. a3 Rab8 15. hxg6 hxg6 16. Bh3 Rc4 17. Qe3 Rbc8 18. g5 Nd7 19. Bxg7 Kxg7 20. Bxe6 fxe6 21. f4 Rxc3 22. bxc3 Rxc3 23. Rd3 Qxa3+ 24. Kd2 Rxd3+ 25. Qxd3 Qa4 26. Ke3 e5 27. Qc3 Nc5 28. fxe5 Qxe4+ 29. Kf2 Qf4+ 30. Ke2 Ne4 31. Qe1 Ng3+ 32. Kd3 Qf3+ 33. Kc4 d5+ 34. Kb4 Nxh1 0-1

[Event "Kimry op 70th"]
[Site "Kimry"]
[Date "2014.08.28"]
[Round "1"]
[White "Voropaev, Pavel"]
[Black "Ermakov, Yury"]
[Result "0-1"]
[WhiteElo "1257"]
[BlackElo "2247"]
[PlyCount "40"]
[EventDate "2014.08.28"]
[EventType "swiss"]
[EventRounds "7"]
[EventCountry "RUS"]
[SourceTitle "EXT 2015"]
[Source "ChessBase"]
[SourceDate "2014.11.20"]
[SourceVersion "1"]
[SourceVersionDate "2014.11.20"]
[SourceQuality "1"]

1. e4 c5 2. Nf3 d6 3. d3 Nc6 4. Be2 g6 5. Nc3 Bg7 6. 0-0 e6 7. h3 Nge7 8. Qd2 0-0 9. b3 Nd4 10. Bb2 d5 11. Na4 b5 12. Nc3 dxe4 13. Rab1 exf3 14. Bxf3 Nxf3+ 15. gxf3 Bb7 16. Nxb5 Bxb2 17. Rxb2 Nf5 18. Kh2 Nh4 19. Re1 Nxf3+ 20. Kg3 Qh4+ 0-1

[Event "Kimry-ch"]
[Site "Kimry"]
[Date "2008.01.02"]
[Round "1"]
[White "Ermakov, Yury"]
[Black "Krasnikov, Alexandr"]
[Result "1-0"]
[WhiteElo "2286"]
[BlackElo "1998"]
[PlyCount "133"]
[EventDate "2008.01.02"]
[EventType "swiss"]
[EventRounds "9"]
[EventCountry "RUS"]
[SourceTitle "CBM 122 Extra"]
[Source "ChessBase"]
[SourceDate "2008.03.04"]
[SourceVersion "1"]
[SourceVersionDate "2008.03.04"]
[SourceQuality "1"]

1. e4 c5 2. Nf3 d6 3. d4 cxd4 4. Nxd4 Bd7 5. c4 Nf6 6. Nc3 g6 7. Be2 Bg7 8. 0-0 0-0 9. Be3 Nc6 10. Rc1 Ne5 11. f3 Ne8 12. Qd2 Nc6 13. Rfd1 Nc7 14. Nd5 Ne6 15. Nb5 b6 16. f4 Nc5 17. Bf3 Ne6 18. e5 dxe5 19. Nxe7+ Qxe7 20. Qxd7 Qxd7 21. Rxd7 exf4 22. Bxc6 fxe3 23. Bxa8 Rxa8 24. Kf1 a6 25. Nc7 Ra7 26. Rcd1 Rxc7 27. Rxc7 Nxc7 28. Rd8+ Bf8 29. Rb8 b5 30. cxb5 axb5 31. Ke2 Kg7 32. Kxe3 Bd6 33. Kf3 b4 34. Rb6 Bc5 35. Rc6 Ne6 36. Ke4 Kf6 37. Kd5 Bf8 38. Kc4 Ke5 39. Rb6 h5 40. Rb5+ Ke4 41. Rb7 f5 42. Rb6 Ke5 43. Rb5+ Kf6 44. Rb6 Kf7 45. Rb7+ Ke8 46. Kd5 Nd8 47. Ra7 Be7 48. a4 bxa3 49. bxa3 Kf7 50. a4 Kf6 51. a5 Bb4 52. a6 Ne6 53. Rd7 Bc5 54. Rd6 Bxd6 55. Kxd6 Nd4 56. Kc5 Ne6+ 57. Kb6 Nf4 58. a7 Nxg2 59. a8Q Nf4 60. Kc5 Kg5 61. Qf3 h4 62. Kd6 Nh5 63. Ke5 Kh6 64. Ke6 f4 65. Qg4 g5 66. Kf7 Ng7 67. Qe2 1-0

[Event "Kimry-ch"]
[Site "Kimry"]
[Date "2004.??.??"]
[Round "2"]
[White "Pak, Kil En"]
[Black "Ermakov, Yury"]
[Result "1/2-1/2"]
[WhiteElo "2158"]
[BlackElo "2303"]
[PlyCount "106"]
[EventDate "2004.??.??"]
[EventType "swiss"]
[EventRounds "9"]
[EventCountry "RUS"]
[SourceTitle "EXT 2005"]
[Source "ChessBase"]
[SourceDate "2004.11.15"]
[SourceVersion "1"]
[SourceVersionDate "2004.11.15"]
[SourceQuality "1"]

1. Nf3 Nf6 2. d4 c5 3. c4 cxd4 4. Nxd4 e5 5. Nc2 d5 6. cxd5 Qxd5 7. Qxd5 Nxd5 8. e4 Nb4 9. Bb5+ N8c6 10. Nxb4 Bxb4+ 11. Bd2 Bd7 12. Bxc6 Bxd2+ 13. Kxd2 Bxc6 14. Nc3 0-0-0+ 15. Ke2 Rd4 16. f3 Rhd8 17. Rhd1 Kc7 18. Rac1 Kb6 19. Nd5+ Bxd5 20. Rxd4 exd4 21. exd5 Rxd5 22. Rc4 Ra5 23. g3 Re5+ 24. Kd2 Re3 25. f4 Re4 26. b3 h5 27. Kd3 Re1 28. Rc2 Rd1+ 29. Ke2 Rg1 30. Kd3 h4 31. Kxd4 hxg3 32. hxg3 Rxg3 33. Ke4 Rg6 34. Kf5 Rc6 35. Rh2 a5 36. Rg2 g6+ 37. Ke4 Kc5 38. a3 a4 39. bxa4 Re6+ 40. Kf3 Rb6 41. Rc2+ Kd4 42. Kg4 f6 43. Rc7 Rb3 44. a5 Ke4 45. Rc4+ Kd5 46. Ra4 Rb1 47. a6 Rg1+ 48. Kf3 bxa6 49. Rxa6 Rf1+ 50. Ke3 Re1+ 51. Kf2 Ra1 52. Rxf6 Rxa3 53. Rxg6 Ke4 1/2-1/2

[Event "Moscow Region-ch"]
[Site "Dubna"]
[Date "2001.??.??"]
[Round "1"]
[White "Ermakov, Yury"]
[Black "Li, Vladimir"]
[Result "1/2-1/2"]
[WhiteElo "2337"]
[BlackElo "2150"]
[PlyCount "61"]
[EventDate "2001.??.??"]
[EventType "swiss"]
[EventRounds "9"]
[EventCountry "RUS"]
[SourceTitle "EXT 2006"]
[Source "ChessBase"]
[SourceDate "2005.11.24"]
[SourceVersion "1"]
[SourceVersionDate "2005.11.24"]
[SourceQuality "1"]

1. e4 c5 2. Nf3 g6 3. Nc3 Bg7 4. d4 cxd4 5. Nxd4 Nc6 6. Nde2 Nf6 7. g3 b5 8. Bg2 Rb8 9. 0-0 0-0 10. Bg5 d6 11. Qd2 b4 12. Nd5 Nxd5 13. exd5 Ne5 14. b3 Bh3 15. a3 bxa3 16. Rxa3 Qd7 17. Nd4 Qg4 18. f4 f6 19. Bh4 g5 20. fxe5 gxh4 21. Rf4 Qc8 22. Bxh3 Qxh3 23. Rxh4 Qc8 24. Ne6 Rf7 25. Raa4 fxe5 26. Rag4 Qa6 27. Rxg7+ Rxg7 28. Nxg7 Rf8 29. Rf4 exf4 30. Ne6 Qa1+ 31. Kg2 1/2-1/2

[Event "Moscow Region-ch"]
[Site "Dubna"]
[Date "2001.??.??"]
[Round "3"]
[White "Ermakov, Yury"]
[Black "Prusakov, Dmitry"]
[Result "0-1"]
[WhiteElo "2337"]
[BlackElo "2142"]
[PlyCount "116"]
[EventDate "2001.??.??"]
[EventType "swiss"]
[EventRounds "9"]
[EventCountry "RUS"]
[SourceTitle "EXT 2006"]
[Source "ChessBase"]
[SourceDate "2005.11.24"]
[SourceVersion "1"]
[SourceVersionDate "2005.11.24"]
[SourceQuality "1"]

1. e4 e5 2. Nf3 Nc6 3. Bc4 Nf6 4. d3 Be7 5. 0-0 0-0 6. Re1 d6 7. c3 Na5 8. Bb5 a6 9. Ba4 b5 10. Bc2 c5 11. d4 exd4 12. cxd4 Bg4 13. d5 Nc4 14. Nbd2 Nxd2 15. Qxd2 Bxf3 16. gxf3 Nd7 17. Qe2 Bf6 18. Rb1 Ne5 19. Bf4 Ng6 20. Bg3 Be5 21. f4 Bxf4 22. Bxf4 Nxf4 23. Qg4 Qf6 24. Re3 h5 25. Qg3 Ng6 26. Rf3 Qe5 27. Rf5 Qxg3+ 28. hxg3 h4 29. Kg2 hxg3 30. Kxg3 f6 31. Rh1 Kf7 32. a4 Rh8 33. Rxh8 Rxh8 34. Rf3 Ne5 35. Ra3 b4 36. Ra1 g5 37. a5 c4 38. Ba4 Rc8 39. f4 gxf4+ 40. Kxf4 Nd3+ 41. Kf5 Nxb2 42. Bd7 Rh8 43. Be6+ Ke7 44. Rg1 Rh5+ 45. Kf4 c3 46. Rg7+ Kf8 47. Rg8+ Ke7 48. Rg7+ Kd8 49. Rd7+ Ke8 50. Rc7 Nd3+ 51. Ke3 Nc5 52. Rc8+ Ke7 53. Rc7+ Kf8 54. Rc8+ Kg7 55. Rc7+ Kh6 56. Bf5 Rxf5 57. exf5 b3 58. Rxc5 b2 0-1

[Event "Moscow Region-ch"]
[Site "Dubna"]
[Date "2001.??.??"]
[Round "7"]
[White "Pakhteev, Yury"]
[Black "Ermakov, Yury"]
[Result "1-0"]
[WhiteElo "2320"]
[BlackElo "2337"]
[PlyCount "65"]
[EventDate "2001.??.??"]
[EventType "swiss"]
[EventRounds "9"]
[EventCountry "RUS"]
[SourceTitle "EXT 2006"]
[Source "ChessBase"]
[SourceDate "2005.11.24"]
[SourceVersion "1"]
[SourceVersionDate "2005.11.24"]
[SourceQuality "1"]

1. Nf3 Nf6 2. c4 c5 3. Nc3 g6 4. e4 d6 5. d4 Bg7 6. Be2 0-0 7. h3 Na6 8. Be3 b6 9. a3 Bb7 10. d5 Nc7 11. b4 e6 12. Rb1 exd5 13. cxd5 Rb8 14. b5 Re8 15. Qc2 Qe7 16. Nd2 Nd7 17. 0-0 Rf8 18. Bd3 Ne8 19. Rbe1 Nef6 20. f4 Nh5 21. Nc4 Rbc8 22. Ne2 a6 23. bxa6 Bxa6 24. Nxd6 Qxd6 25. Bxa6 Ra8 26. Bb5 Rxa3 27. Bc1 Ra5 28. e5 Qxd5 29. Rd1 Qa2 30. Qxa2 Rxa2 31. Rxd7 c4 32. Bxc4 Rc2 33. Bd3 1-0

[Event "Moscow Region-ch"]
[Site "Dubna"]
[Date "2001.??.??"]
[Round "5"]
[White "Sidorychev, Nikolai"]
[Black "Ermakov, Yury"]
[Result "0-1"]
[WhiteElo "2136"]
[BlackElo "2337"]
[PlyCount "96"]
[EventDate "2001.??.??"]
[EventType "swiss"]
[EventRounds "9"]
[EventCountry "RUS"]
[SourceTitle "EXT 2006"]
[Source "ChessBase"]
[SourceDate "2005.11.24"]
[SourceVersion "1"]
[SourceVersionDate "2005.11.24"]
[SourceQuality "1"]

1. d4 Nf6 2. c4 c5 3. d5 d6 4. Nf3 g6 5. Nc3 Bg7 6. g3 e5 7. e4 a6 8. a4 0-0 9. Bg2 Nbd7 10. 0-0 h6 11. h3 Nh5 12. Re1 Qe7 13. Kh2 Kh7 14. Re3 Bf6 15. Ne1 Bg5 16. Re2 f5 17. Bxg5 Qxg5 18. Nf3 Qe7 19. Qd2 Ndf6 20. Rb1 fxe4 21. Ne1 Bf5 22. Nxe4 Rf7 23. Nd3 Raf8 24. Qa5 Nxe4 25. Rxe4 Bxe4 26. Bxe4 Qd8 27. Qe1 Nf6 28. Bg2 Nd7 29. b4 Qc7 30. b5 axb5 31. axb5 Nb6 32. Rc1 Qe7 33. Kg1 Ra8 34. f4 exf4 35. Qxe7 Rxe7 36. Nxf4 Ra4 37. Bf1 Nd7 38. Ne6 Ne5 39. Rc3 Ra2 40. Bg2 Rf7 41. Nf4 g5 42. Be4+ Kg8 43. Ng6 Nxg6 44. Bxg6 Re7 45. Bd3 Re1+ 46. Bf1 h5 47. Rf3 Kg7 48. Kh1 Rc2 0-1